000 00667nam a22002177a 4500
003 UA-OsUOA
001 89178
007 ta
008 20121101b un ||||| |||| 00| 0 ukr d
100 _aСкляренко В.Г.
090 _a81
_bС43
942 _cSA
040 _aUA-OsUOA
_bukr
_cUA-OsUOA
_dUA-OsUOA
245 _aРецесія наголосу в ряді південно-західних говірок українського мови
300 _aС.18-24
955 _a0
041 _aukr
080 _a81
773 0 _w89177
650 7 _a8 Мовознавство. Художня література. Літературознавство
_2UDC
999 _c375438
_d375438